000 01213nam a2200217Ia 4500
003 Ost
005 20260507075152.0
008 260507s9999||||xx |||||||||||||| ||und||
020 _a21328099539
040 _cfsecg
041 _aara
082 _a330
100 _eمؤلف
245 0 _aالبنية الاقتصادية في الاقطار العربية و اخلاقيات المجتمع :
_bالحلقة النقاشية التي اقامتها المنظمة العربية لمكافحة الفساد /
260 _aبيروت:
_bالمنظمة العربية لمكافحة الفساد,
_c2009
300 _a206 صفحة؛
_bإيضاحات ؛
_c24 سم
520 _aالبنية الاقتصادية و النظام السياسي و الفساد في الوطن العربي : تحديد مفهوم الريع و أنواعه ، أسس البنية الاقتصادية في الاقطار العربية ، بنية النظام السياسي و الثقافة الناتجة منه ، الفساد و علاقته بالاقتصاد الريعي و النظام الفئوي
653 _aالاقتصاد
653 _aالإقتصاد- البلدان العربية
942 _cكتاب
999 _c43347
_d43347